000 00739cam a22001814a 4500
005 20250605163931.0
008 250528s ||||||||||||||||||||||||d
035 _a14671
040 _aGR-AtMCL
_bgre
_dGR-AtMCL
_eAACR2
245 1 _aMemory / A Pelican Original
260 _bPenguin Books,
_c1964
300 _a336
520 _aThis book provides the general reader with an up-to-date survey of the accomplishments and limitations of human memory. Editorial Foreword, Acknowledgements, What is Memory?, Short-Term Memory, Memorizing, Memory for Stories, Imaging, Forgetting, Improving Memory, Further Recommended Reading, Index of Main References.
700 1 _aHunter I.M.L
_9415
942 _cBK
999 _c294
_d294